| 000 | 01104cam a2200289 a 4500 | ||
|---|---|---|---|
| 001 | 000014324 | ||
| 003 | DO-SdBNP | ||
| 005 | 20250217085851.0 | ||
| 007 | ta | ||
| 008 | 831130s1980 cu b 000 0 spa | ||
| 040 |
_aDO-SdBNP _bspa _cBNPHU |
||
| 043 | _acl----- | ||
| 049 | _aBNGR | ||
| 082 | 4 |
_a335.43098 _bG934c _222 |
|
| 100 | 1 |
_aGuerra, Sergio, _d1949- _eautor _4aut. _932312 |
|
| 245 | 1 | 0 |
_aCronología del movimiento obrero y de las luchas por la revolución socialista en América Latina y el Caribe (1917-1939) / _cSergio Guerra, Alberto Prieto ; edición, María del Carmen Pérez. |
| 264 | 1 |
_aLa Habana, Cuba : _bEditora Casa de las Américas, _c1980. |
|
| 300 |
_a106 páginas ; _c23 cm. |
||
| 490 | 1 |
_aNuestros países. _aResumen |
|
| 504 | _aBibliografía : páginas 102-106 | ||
| 650 | 4 |
_aComunismo _zAmérica Latina _xHistoria _932313 |
|
| 650 | 4 |
_aPartídos comunistas _zAmerica Latina _xHistoria _932314 |
|
| 650 | 4 |
_aMovimeinto obrero _zAmérica Latina _xHistoria _932315 |
|
| 700 | 1 |
_aPrieto, Alberto. _99864 |
|
| 700 | 1 |
_aPérez, María del Carmen _bed. _932316 |
|
| 942 |
_2ddc _cLBS1 |
||
| 999 |
_c13919 _d13919 |
||